000 00513nam a2200193Ia 4500
008 101110s9999 xx 000 0 und d
041 _aENGLISH
082 _bJR1578
100 _aAcharya, Govekar, Gabhe
245 _aOrganisation of Commerce H.S.C. Std. (XI)
365 _b13.75
520 _aCommerce
546 _aENGLISH
630 _aOrganisation of Commerce H.S.C. Std. (XI)
650 _aCommerce
655 _aCommerce
730 _aOrganisation of Commerce H.S.C. Std. (XI)
942 _cBOOK
999 _c793868
_d793865